Deutschlands Kader von der em 2024 - Statistiken

Allgemein
  • Dieses Quiz wurde 354 mal gespielt
  • Das Durchschnittsergebnis liegt bei 24 aus 27
Antwortstatistiken
Bildquiz Antwort % Korrekt
Manuel Neuer
100%
Antonio Rüdiger
99%
Florian Wirtz
98%
Jamal Musiala
98%
Leroy Sane
98%
Marc-André Ter Stegen
98%
Niklas Füllkrug
98%
Thomas Müller
98%
Toni Kroos
96%
Jonathan Tah
94%
Joshua Kimmich
94%
Kai Havertz
94%
Robert Andrich
94%
Deniz Undav
92%
Emre Can
92%
Ilkay Gündogan
90%
Oliver Baumann
90%
Nico Schlotterbeck
88%
David Raum
86%
Julian Nagelsmann
85%
Maxi Beier
84%
Maxi Mittelstädt
84%
Robin Koch
81%
Waldemar Anton
81%
Pascal Groß
80%
Chris Führich
74%
Benjamin Henrichs
69%
Keine übereinstimmenden Quizze gefunden
Verteilung der Resultate
Anzahl Personen mit jedem Resultat
Perzentil nach korrekt beantworteten Fragen
Ihre Resultats-Entwicklung
Sie haben dieses Quiz noch nicht gespielt